Stephen King Movies by Picture Quiz Stats

 Plays Quiz Updated Jul 13, 2017

Support Sporcle.
Go Orange.
Score 0/26 Timer 13:00
0 Plays Today
% Correct
The Shawshank Redemption
95.3%
The Green Mile
95.3%
The Shining
95.1%
It
90.2%
Carrie
89.5%
Misery
86%
Cujo
82.9%
Stand by Me
82%
Children of the Corn
75.9%
Firestarter
67%
The Mist
65.9%
The Running Man
59.4%
Christine
59.3%
% Correct
Pet Sematary
58.4%
Secret Window
39.8%
The Dead Zone
37%
Dolores Claiborne
35.2%
Maximum Overdrive
33%
1408
32.5%
Apt Pupil
29%
Silver Bullet
24.3%
Creepshow
20.8%
Dreamcatcher
19.6%
The Dark Half
13.1%
Sleepwalkers
11.8%
Needful Things
10.2%

You're not logged in!

Compare scores with friends on all Sporcle quizzes.
OR
Log In
Forgot?

From the Vault

Anything but the NFL

by JohnFran

So it's like a Big 3 sports quiz?
Remove Ads.
Support Sporcle.
Get the best of Sporcle when you Go Orange. This ad-free experience offers more features, more stats, and more fun while also helping to support Sporcle. Thank you for becoming a member.

Show Comments

Extras

Top Quizzes Today


Score Distribution

Your Account Isn't Verified!

In order to create a playlist on Sporcle, you need to verify the email address you used during registration. Go to your Sporcle Settings to finish the process.

Report this User

Report this user for behavior that violates our Community Guidelines.

Details: